|
|
|
|
| LEADER |
00000nab a2200000 a 4500 |
| 001 |
vtls011117099 |
| 003 |
SK-MaSNL |
| 005 |
20260304030131.0 |
| 008 |
250310|2000 xo |||||||||||||||||slo| |
| 015 |
|
|
|a SNBRB
|
| 035 |
|
|
|a (uuid)fb2ea44d-8402-4c79-94c6-bfb9eb7f412d
|
| 035 |
|
|
|a (urnnbn)urn:nbn:sk:snk:ar-a08ldy
|
| 035 |
|
|
|a urn:nbn:sk:snk-ab9nje
|
| 040 |
|
|
|a SNKBUCL
|b slo
|c SNKBUCL
|e AACR2
|
| 041 |
0 |
|
|a slo
|
| 044 |
|
|
|a xo
|c SK
|
| 100 |
1 |
|
|a Kučková, Anna
|4 aut
|9 791104
|
| 245 |
1 |
0 |
|a AKREDITÁCIA V SPOLKOVEJ REPUBLIKE NEMECKO
|c Anna Kučková
|
| 773 |
0 |
|
|t Kvalita : odborný časopis Slovenskej spoločnosti pre kvalitu
|g Roč. 8, č. 1 (2000), s. 12-15
|
| 958 |
|
|
|a OND
|
| 958 |
|
|
|a EUIPO
|
| 958 |
|
|
|a article13
|
| 999 |
|
|
|c 2631909
|d 2633839
|